Finite element applications with microcomputers (Record no. 11801)

MARC details
000 -LEADER
fixed length control field 00605nam a2200205Ia 4500
003 - CONTROL NUMBER IDENTIFIER
control field IN-BaIIA
008 - FIXED-LENGTH DATA ELEMENTS--GENERAL INFORMATION
fixed length control field 211028s9999 xx 000 0 eng d
020 ## - INTERNATIONAL STANDARD BOOK NUMBER
International Standard Book Number 0-13-317439-5
040 ## - CATALOGING SOURCE
Transcribing agency IIA Library
080 ## - UNIVERSAL DECIMAL CLASSIFICATION NUMBER
Universal Decimal Classification number 519.6
Item number POT
100 ## - MAIN ENTRY--PERSONAL NAME
Personal name Potts, J. Frank
9 (RLIN) 20482
245 #0 - TITLE STATEMENT
Title Finite element applications with microcomputers
Statement of responsibility, etc. J. Walter Oler and J. Frank Potts
260 ## - PUBLICATION, DISTRIBUTION, ETC.
Place of publication, distribution, etc. New Jersey
Name of publisher, distributor, etc. Prentice-Hall
Date of publication, distribution, etc. 1989
300 ## - PHYSICAL DESCRIPTION
Extent x, 307p.
650 ## - SUBJECT ADDED ENTRY--TOPICAL TERM
Topical term or geographic name entry element Finite element method
9 (RLIN) 20263
650 ## - SUBJECT ADDED ENTRY--TOPICAL TERM
Topical term or geographic name entry element Finite elements
9 (RLIN) 17065
650 ## - SUBJECT ADDED ENTRY--TOPICAL TERM
Topical term or geographic name entry element Microcomputers
9 (RLIN) 9969
700 ## - ADDED ENTRY--PERSONAL NAME
Personal name Oler, J. Walter
9 (RLIN) 20483
942 ## - ADDED ENTRY ELEMENTS (KOHA)
Koha item type Books
Holdings
Withdrawn status Lost status Damaged status Not for loan Home library Current library Shelving location Date acquired Total Checkouts Full call number Barcode Date last seen Price effective from Koha item type
        IIA Library-Bangalore IIA Library-Bangalore General Stacks 09/07/1996   519.6/ POT 12716 05/11/2021 09/07/1996 Books

Powered by Koha